Eunuchs and sacred boundaries in Islamic society

Αποθηκεύτηκε σε:
Λεπτομέρειες βιβλιογραφικής εγγραφής
Κύριος συγγραφέας: Marmon, Shaun Elizabeth
Μορφή: Βιβλίο
Γλώσσα:English
Δημοσίευση: Oxford-New York : Oxford University Press, 1995
Σειρά:Studies in Middle Eastern history
Θέματα:
Ετικέτες: Προσθήκη ετικέτας
Δεν υπάρχουν, Καταχωρήστε ετικέτα πρώτοι!

MARC

LEADER 00000nam a2200000 i 4500
001 1/12150
008 980601s1995 eng d
020 |a 0-19-507101-8 
035 |l 10018519 
040 |a GR-MY-UA  |b gre  |e aacr 
041 0 |a eng 
082 0 |a 305.9066 
100 1 |a Marmon, Shaun Elizabeth. 
245 1 0 |a Eunuchs and sacred boundaries in Islamic society /  |c Shaun Marmon 
260 |a Oxford-New York :   |b Oxford University Press,   |c 1995 
300 |a 162 p. 
490 1 |a Studies in Middle Eastern history 
504 |a Includes bibliographical references (p.113-150) and index 
650 0 0 |a Eunuchs  |z Saudi Arabia  |z Mecca  |x History. 
650 0 0 |a Eunuchs  |z Saudi Arabia  |z Medina  |x History. 
650 0 0 |a Eunuchs  |z Egypt  |z Cairo  |x History. 
651 0 |a Cairo (Egypt)  |x Social life and customs. 
651 0 |a Mecca (Saudi Arabia)  |x Religious life and customs. 
651 0 |a Medina (Saudi Arabia)  |x Religious life and customs. 
830 0 |a Studies in Middle Eastern history 
852 |a INST  |b LESVOS  |e 19980601  |h 305.9066 MAR  |p 005100014691  |q 005100014691  |t BK  |y 0 
901 |a BIBL-1998-2 
909 |a Λ  |b 055103 
922 |a 1ΕΛΗ  |b 199803  |c ΚΠΣ/ΜΟΥΤΑΦΗ  |d EMVASIS 
950 |a 086-1996-07-16